LEADER 00849nas a2200229 i 4500 001 000000240346 003 CaOOAMICUS 005 20150327000000.0 008 150327b1875 xx uu u0 0lat r 013 $a219251 040 $aSeMil$bita 245 10$a1875. 260 $aMilano :$bAgnelli Jacobus Impress. Archiep.,$c1875. 300 $a59 p. ;$c21 cm. 500 $aFondo card. C. M. Martini. 773 0 $tCalendarium Ambrosianum.$dMediolani : Typis Galeatium & filios impressores archiepiscopales, 1800-1969.$w()2075 850 $aSeMil 852 $aSeMil$W1$xVenegono$y1$m203 4 1/76$j190692$B190692$CSeMilBibl$Z2$F201534 $85 941 1 $a4 961 $aLascito: Martini Card. Carlo Maria 996 $6245$a1875$9(OLS)http://semarc/title/276393 996 $6260$aMilano :$bAgnelli Jacobus Impress. Archiep.$9(OLS)http://semarc/publisher/44629 LEADER 00850nam a2200217 i 4500 001 000000044059 003 CaOOAMICUS 005 20090930000000.0 008 090930s1969 gw u000 u ger u 013 $a15229 040 $aSeMil$bita 100 1 $aSchoonenberg, Piet,$c.$0(OLS)http://semarc/name/20156 240 10$aHij is een God van Mensen.$0(OLS)http://semarc/title/64984 245 14$aEin Gott der Menschen /$cPiet Schoonenberg. 260 $aZürich [etc.] :$bBenziger,$c1969. 300 $a203 p. ;$c22 cm. 650 4$aDio - Teologia.$0(OLS)http://semarc/subject/1408 850 $aSeMil 852 $aSeMil$W1$xVenegono$y1$m2B III 277$j10214$B10214$CSeMilBibl$Z2$F10214 $81 996 $6245$aEin Gott der Menschen$9(OLS)http://semarc/title/64983 996 $6260$aZürich [etc.] :$bBenziger$9(OLS)http://semarc/publisher/35374